Condiciones de vida de los adultos mayores de 60 años o más con seguridad social en el Estado de México /
محفوظ في:
| المؤلف الرئيسي: | |
|---|---|
| مؤلفون آخرون: | |
| التنسيق: | نص |
| الوسوم: |
إضافة وسم
لا توجد وسوم, كن أول من يضع وسما على هذه التسجيلة!
|
MARC
| LEADER | 00000 a a2200000 04500 | ||
|---|---|---|---|
| 001 | 47362 | ||
| 003 | |||
| 040 | |||
| 090 | |a REV1520 20(79) 2014 | ||
| 100 | |a Villegas-Vázquez, Kenya Gabriela | ||
| 245 | |a Condiciones de vida de los adultos mayores de 60 años o más con seguridad social en el Estado de México / |c Kenya Gabriela Villegas-Vázquez, Bernardino Jaciel Montoya-Arce | ||
| 700 | |a Montoya-Arce, Bernardino Jaciel | ||
| 773 | |g volumen20, número79, (2014), páginas 133-167: tablas, gráficos | ||
| 999 | |c 38028 |d 38028 | ||
